Le magnétisme animal étudié sous le nom de force neurique rayonnante et circulante, dans ses propriétés physiques, physiologiques et thérapeutiques / (Registro nro. 29243)

Detalles MARC
000 -LEADER
campo de control de longitud fija 00624nam a2200169 i 4500
001 - NÚMERO DE CONTROL
campo de control 29243
003 - IDENTIFICADOR DE NÚMERO DE CONTROL
campo de control ES-MaACL
005 - FECHA Y HORA DE LA ÚLTIMA TRANSACCIÓN
campo de control 20230906154010.0
007 - CAMPO FIJO DE DESCRIPCIÓN FÍSICA--INFORMACIÓN GENERAL
campo de control de longitud fija t|
008 - DATOS DE LONGITUD FIJA--INFORMACIÓN GENERAL
campo de control de longitud fija 030121s1887 fr ||||1| fre d
100 1# - ENTRADA PRINCIPAL--NOMBRE DE PERSONA
Nombre de persona Barety, A.
9 (RLIN) 25626
245 13 - MENCIÓN DEL TÍTULO
Título Le magnétisme animal étudié sous le nom de force neurique rayonnante et circulante, dans ses propriétés physiques, physiologiques et thérapeutiques /
Mención de responsabilidad, etc. par A. Barety.
260 ## - PUBLICACIÓN, DISTRIBUCIÓN, ETC.
Lugar de publicación, distribución, etc. París :
Nombre del editor, distribuidor, etc. Octave Doin, etc.,
Fecha de publicación, distribución, etc. 1887 (
Lugar de fabricación/manufactura Bourloton :
Fabricante Imp. Reunies)
300 ## - DESCRIPCIÓN FÍSICA
Extensión XVI, 662 p. :
Otras características físicas il. ;
Dimensiones 24 cm.
650 #4 - PUNTO DE ACCESO ADICIONAL DE MATERIA--TÉRMINO DE MATERIA
Término de materia o nombre geográfico como elemento de entrada Magnetismo personal.
9 (RLIN) 136450
852 ## - LOCALIZACIÓN
Ubicación ES-MaACL
Número de control de estantería F-12035
Existencias
Estatus retirado Estado de pérdida Estado de daño No para préstamo Colección Biblioteca de origen Biblioteca actual Ubicación en estantería Fecha de adquisición Fuente de adquisición Total de préstamos Signatura topográfica completa Código de barras Visto por última vez Precio de reemplazo Tipo de ítem Koha
        Libros del s. XIX Biblioteca del Ateneo de Madrid Biblioteca del Ateneo de Madrid Sala Pecera Planta 2 17/01/2008     F-12035 1030189 23/02/2023 23/02/2023 Libro impreso antiguo